| 000 | 00823nam a2200253Ia 4500 | ||
|---|---|---|---|
| 003 | OSt | ||
| 005 | 20221005133542.0 | ||
| 006 | a|||||r|||| 00| 0 | ||
| 007 | ta | ||
| 008 | 221004b |||||||| |||| 00| 0 san d | ||
| 020 |
_a9788178541259 (hbk) _c900 |
||
| 024 | _a90570 | ||
| 037 |
_b1610, 06/02/2008, Vidyanidhi Prakashan _cTextual |
||
| 040 |
_aCRL _cCRL _bsan |
||
| 041 |
_2san _asan |
||
| 082 | _aQ11:g(Y15), 152P7 | ||
| 100 | _aघोष, इला | ||
| 245 | 0 | _aऋग्वैदिक ऋषिका जीवन एवं दर्शन | |
| 246 | _aṚugvaidik ṛuṣhikā jīvan evan darshana | ||
| 260 | _c2007 | ||
| 300 |
_a278पृ0 _ccm. |
||
| 942 |
_hQ11:g(Y15), 152P7 _cTEXL _2cc |
||
| 999 |
_c1067186 _d1067186 |
||